| 000 | 00719nma a22002177a 4500 | ||
|---|---|---|---|
| 003 | NALT | ||
| 005 | 20251020100656.0 | ||
| 006 | g q || | ||
| 008 | s2010 eng d | ||
| 040 | _aNALT | ||
| 041 | _aeng | ||
| 090 | _aCD 2483 | ||
| 245 | 1 | 0 |
_aStop plagiarism : _bnew resources for understanding and prevention / _cCVibiana Bowman Cvetkovi, ed. |
| 260 |
_aNew York : _bNeal-Schuman, _c2010. |
||
| 300 |
_a1 แผ่น : _bSd., Col. |
||
| 650 | 4 |
_aการลอกเลียนวรรณกรรม _948249 |
|
| 653 | 4 | _aการลอกเลียนงานวิชาการ | |
| 700 |
_aCvetkovic, Vibiana Bowman _935648 |
||
| 850 | _aNALT | ||
| 942 |
_cCD _2local |
||
| 999 |
_c74197 _d74197 |
||
| 998 |
_j104 _k นางสาวสายฝน ดีงาม |
||